<?xml version="1.0" encoding="UTF-8"?><marc:collection xmlns:marc="http://www.loc.gov/MARC21/slim">
  <marc:record>
    <marc:leader>00000nam##2200000za#4500</marc:leader>
    <marc:controlfield tag="001">9.602448</marc:controlfield>
    <marc:controlfield tag="003">CaOODSP</marc:controlfield>
    <marc:controlfield tag="005">20240212134142</marc:controlfield>
    <marc:controlfield tag="007">cr |||||||||||</marc:controlfield>
    <marc:controlfield tag="008">150406|1989||||xxc|||||o    f|0| 0 fre|d</marc:controlfield>
    <marc:datafield tag="040" ind1=" " ind2=" ">
      <marc:subfield code="a">CaOODSP</marc:subfield>
      <marc:subfield code="b">fre</marc:subfield>
    </marc:datafield>
    <marc:datafield tag="043" ind1=" " ind2=" ">
      <marc:subfield code="a">n-cn---</marc:subfield>
    </marc:datafield>
    <marc:datafield tag="086" ind1="1" ind2=" ">
      <marc:subfield code="a">NE22-1/1989-14-2F-PDF</marc:subfield>
    </marc:datafield>
    <marc:datafield tag="110" ind1="1" ind2=" ">
      <marc:subfield code="a">Canada. </marc:subfield>
      <marc:subfield code="b">Office national de l'énergie.</marc:subfield>
    </marc:datafield>
    <marc:datafield tag="245" ind1="1" ind2="0">
      <marc:subfield code="a">Motifs de décision relativement à TransCanada PipeLines Limitée ... relativement à La Compagnie des pétroles Amoco Canada Limitée et Consolidated Edison Compnay of New York Inc., ICG Utilities (Ontario) Ltd. (Exportations de ré-importations de gaz), Indeck Gas Supply Corporation, Western Gas Marketing Limited, Western Gas Marketing Limited, à titre d'agent de TransCanada PipeLines Limited, Direct Energy Marketing Limited ... et relativement à ProGas Limited, Shell Canada Limitée. Volume II : </marc:subfield>
      <marc:subfield code="h">[ressource électronique]</marc:subfield>
      <marc:subfield code="b">demande présentée aux termes de la partie III de la Loi sur l'Office national de l'énergie, visant un certificat autorisant des installations ... demandes présentées aux termes de la partie I [sic] de la Loi sur l'Office national de l'énergie, visant la délivrance de licences d'exportation .. demandes présentées aux termes de la partie I de la Loi sur l'Office national de l'énergie, visant la modification de licences d'exportation de gaz naturel </marc:subfield>
    </marc:datafield>
    <marc:datafield tag="246" ind1="1" ind2=" ">
      <marc:subfield code="i">Titre de renvoi : </marc:subfield>
      <marc:subfield code="a">TransCanada PipeLines Limitée ... Direct Energy Marketing Limited ...</marc:subfield>
    </marc:datafield>
    <marc:datafield tag="260" ind1=" " ind2=" ">
      <marc:subfield code="a">Ottawa - Ontario : </marc:subfield>
      <marc:subfield code="b">Office national de l'énergie </marc:subfield>
      <marc:subfield code="c">Décembre 1989.</marc:subfield>
    </marc:datafield>
    <marc:datafield tag="300" ind1=" " ind2=" ">
      <marc:subfield code="a">141p.</marc:subfield>
      <marc:subfield code="b">graphiques, tableaux</marc:subfield>
    </marc:datafield>
    <marc:datafield tag="490" ind1="1" ind2=" ">
      <marc:subfield code="a">Motifs de décision</marc:subfield>
      <marc:subfield code="v">GH-1-89</marc:subfield>
    </marc:datafield>
    <marc:datafield tag="500" ind1=" " ind2=" ">
      <marc:subfield code="a">Le nº de catalogue (NE22-1/1989-14-2F) et l'ISBN (0-662-95834-9) de l'édition imprimée ont été incorrectement copiés dans cette édition électronique.</marc:subfield>
    </marc:datafield>
    <marc:datafield tag="590" ind1=" " ind2=" ">
      <marc:subfield code="a">12-04-Supp</marc:subfield>
      <marc:subfield code="b">2012-02-20</marc:subfield>
    </marc:datafield>
    <marc:datafield tag="775" ind1="0" ind2="8">
      <marc:subfield code="t">Reasons for decision in the matter of TransCanada PipeLines Limited ... and in the matter of Amoco Canada Petroleum Company Ltd. and Consolidated Edison Company of New York, Inc., ICG Utilities (Ontario) Ltd (Gas Export and Reimport), Indeck Gas Supply Corporation, Western Gas Marketing Limited, Western Gas Marketing Limited as agent for TransCanada PipeLines Limited, Direct Energy Marketing Limited ... and in the matter of ProGas Limited, Shell Canada Limited. Volume II : </marc:subfield>
      <marc:subfield code="w">(CaOODSP)9.572033</marc:subfield>
    </marc:datafield>
    <marc:datafield tag="830" ind1="#" ind2="0">
      <marc:subfield code="a">Motifs de décision (Canada. Office national de l'énergie)</marc:subfield>
      <marc:subfield code="v">GH-1-89</marc:subfield>
      <marc:subfield code="w">(CaOODSP)9.500899</marc:subfield>
    </marc:datafield>
    <marc:datafield tag="856" ind1="4" ind2="0">
      <marc:subfield code="a">http://publications.gc.ca</marc:subfield>
      <marc:subfield code="q">PDF</marc:subfield>
      <marc:subfield code="s">410 Ko</marc:subfield>
      <marc:subfield code="u">https://publications.gc.ca/collections/collection_2011/one-neb/NE22-1-1989-14-2F.pdf</marc:subfield>
      <marc:subfield code="y">GH-1-89</marc:subfield>
    </marc:datafield>
  </marc:record>
</marc:collection>
